000 00305nam a2200097Ia 4500
008 220120s9999||||xx |||||||||||||| ||und||
100 _aSavitha B, Seethamma and Sukanya
_912457
245 0 _aSnag tracker
260 _aCoorg Institute of Technology
_bPonnampet
_c2013
650 _aELECTRONICS AND COMMUNICATIONS
999 _c138044
_d138044